Harry Potter Movie Picture Quiz - Characters #1 - Statistics

General Stats
  • This quiz has been taken 59 times
  • The average score is 12 of 16
Answer Stats
Picture Answer % Correct
Harry Potter
91%
Neville Longbottom
91%
Sirius Black
91%
Lily Potter
89%
Bellatrix Lestrange
87%
Arthur Weasley
85%
Cho Chang
85%
Gregory Goyle
83%
Fleur Delacour
81%
Nymphadora Tonks
79%
Quirinus Quirrell
74%
Cornelius Fudge
66%
Igor Karkaroff
62%
Rufus Scrimgeour
53%
Bathilda Bagshot
51%
Nigel Wolpert
45%
No matching quizzes found
Score Distribution
Percent of People with Each Score
Percentile by Number Answered
Your Score History
You have not taken this quiz